|
|
|
|
| LEADER |
00000nam a2200000 a 4500 |
| 001 |
vtls008409871 |
| 003 |
SK-MaSNL |
| 005 |
20260301051758.0 |
| 008 |
240318s2005 fr g 001 0 fre |
| 020 |
|
|
|a 222110238X
|q (brož.)
|
| 040 |
|
|
|a SNK
|b slo
|c SNK
|e AACR2
|
| 041 |
1 |
|
|a fre
|h eng
|
| 044 |
|
|
|a fr
|c FR
|
| 072 |
|
7 |
|a 94(100)"04/ ..."
|x Dejiny stredoveku a novoveku (všeobecne)
|2 konspekt
|
| 080 |
|
|
|a 94"04/14"
|2 2001
|
| 080 |
|
|
|a 27-747-87
|2 2002
|
| 080 |
|
|
|a 27-87
|2 2002
|
| 080 |
|
|
|a (048.8)
|2 2001
|
| 100 |
1 |
|
|a lea, Henry Charles
|4 aut
|9 359559
|
| 245 |
1 |
0 |
|a Histoire de l'inquisition au moyen âge
|c Henry Charles Lea ; traduit de l'américain par Salomon Reinach ; présenté par Bartolomé Bennassar
|
| 260 |
|
|
|a Paris
|b Robert Laffont
|c 2005
|
| 300 |
|
|
|a xlv, 1458 s.
|c 20 cm
|
| 490 |
1 |
|
|a Bouquins
|
| 650 |
0 |
7 |
|a inkvizícia
|2 SNKPH
|9 20780
|
| 650 |
0 |
7 |
|a stredovek
|2 SNKPH
|9 4259
|
| 650 |
0 |
7 |
|a herézy
|2 SNKPH
|9 58909
|
| 650 |
0 |
7 |
|a cirkevné dejiny
|2 SNKPH
|9 3909
|
| 651 |
|
7 |
|a Európa
|2 SNKPH
|9 167569
|
| 655 |
|
7 |
|a prehľady
|2 SNKPH
|9 70194
|
| 700 |
1 |
|
|a Reinach, Salomon
|4 trl
|9 359560
|
| 700 |
1 |
|
|a Bennassar, Bartolomé
|4 oth
|9 359561
|
| 830 |
|
0 |
|a Bouquins
|9 329584
|
| 919 |
|
|
|a 2-221-10238-X
|
| 999 |
|
|
|c 604259
|d 606189
|
| 952 |
|
|
|a SNK
|b SNK
|y VYP
|7 0
|p 17A0497965
|o snkID 97538
|i snk2006/3596
|8 2
|g 41.33
|0 0
|1 0
|4 0
|d 2005-11-16
|l 0
|r 2026-02-23 16:04:29
|w 2026-02-23
|